Sustainability in the built environment (Record no. 115986)
[ view plain ]
| 000 -LEADER | |
|---|---|
| fixed length control field | 02876cam a2200361 4500 |
| 001 - CONTROL NUMBER | |
| control field | L159546 |
| 008 - FIXED-LENGTH DATA ELEMENTS--GENERAL INFORMATION | |
| fixed length control field | 050720n2009 000 0 eng u |
| 020 ## - INTERNATIONAL STANDARD BOOK NUMBER | |
| International Standard Book Number | 9781848060845 |
| 035 ## - SYSTEM CONTROL NUMBER | |
| System control number | (Sirsi) u159546 |
| 041 0# - LANGUAGE CODE | |
| Language code of text/sound track or separate title | eng |
| 050 04 - LIBRARY OF CONGRESS CALL NUMBER | |
| -- | 18 |
| 100 1# - MAIN ENTRY--PERSONAL NAME | |
| Personal name | Atkinson, C |
| 245 ## - TITLE STATEMENT | |
| Title | Sustainability in the built environment |
| Remainder of title | an introduction to its definition and measurement |
| 250 ## - EDITION STATEMENT | |
| Edition statement | 2nd ed. |
| 260 ## - PUBLICATION, DISTRIBUTION, ETC. | |
| Place of publication, distribution, etc. | Watford |
| Name of publisher, distributor, etc. | BRE |
| Date of publication, distribution, etc. | 2009 |
| 490 ## - SERIES STATEMENT | |
| Series statement | BRE BR |
| Volume/sequential designation | BR 502 |
| 505 2# - FORMATTED CONTENTS NOTE | |
| Formatted contents note | Introduction -- Sustainability of construction -- UK tools for measuring and rating sustainability of building materials and products -- BREEAM - BRE Environmental Assessment Method -- CSH - Code for Sustainable Homes -- DQI - Design Quality Indicator -- CEEQUAL - Civil Engineering Environmental Quality Assessment and Award Scheme -- Other tools (Environmental Profiles; The Green Guide to Specification; ENVEST) -- Responsible Sourcing of construction Materials -- The international standard scene -- ISO 14001 - Environmental Management Systems -- European Commission Mandate M350 - Integrated Environmental Performance of Buildings -- Green Globes -- BREEAM International -- LEED - Leadership in Energy and Environmental Design -- Green Star -- CASBEE - Comprehensive Assessment System for Building Environmental Efficiency -- World GBC -- UNEP - United Nations Environment Programme -- SBA - Sustainable Buildings Alliance -- SETAC - Society of Environmental Toxicology and Chemistry -- Supply chain management (FSC - Forest Stewardship Council; Framework for RSM standards) -- WWF - One Planet Future -- GRI - Global Reporting Initiative -- Common features of assessment tools -- Balanced scorecard -- Choice of credits -- Delivery in the marketplace -- Conclusions -- References; Websites for tools and organisations; Glossary of terms |
| 520 ## - SUMMARY, ETC. | |
| Summary, etc. | Brings together current thinking on defining and measuring sustainability. It sets out concisely the key issues in this large and complex area. This subject is rapidly moving and this introductory primer provides a clear overview of the key issues and initiatives in the UK and internationally. It outlines a representative sample of the major tools and other initiatives that encourage improved performance in this field and describes the common features of assessment tools. |
| 650 24 - SUBJECT ADDED ENTRY--TOPICAL TERM | |
| Topical term or geographic name entry element | BREEAM |
| 650 24 - SUBJECT ADDED ENTRY--TOPICAL TERM | |
| Topical term or geographic name entry element | DESIGN QUALITY INDICATORS |
| 650 24 - SUBJECT ADDED ENTRY--TOPICAL TERM | |
| Topical term or geographic name entry element | CODE FOR SUSTAINABLE HOMES |
| 650 24 - SUBJECT ADDED ENTRY--TOPICAL TERM | |
| Topical term or geographic name entry element | ISO 141001 |
| 650 24 - SUBJECT ADDED ENTRY--TOPICAL TERM | |
| Topical term or geographic name entry element | LEADERSHIP IN ENERGY AND ENVIRONMENTAL DESIGN |
| 650 24 - SUBJECT ADDED ENTRY--TOPICAL TERM | |
| Topical term or geographic name entry element | Global Reporting Initiative |
| 650 24 - SUBJECT ADDED ENTRY--TOPICAL TERM | |
| Topical term or geographic name entry element | UNITED NATIONS ENVIRONMENT PROGRAMME |
| 650 24 - SUBJECT ADDED ENTRY--TOPICAL TERM | |
| Topical term or geographic name entry element | COMPREHENSIVE ASSESSMENT SYSTEM FOR BUILDING ENVIRONMENTAL EFFICIENCY |
| 650 24 - SUBJECT ADDED ENTRY--TOPICAL TERM | |
| Topical term or geographic name entry element | SUPPLY CHAIN MANAGEMENT |
| 651 #4 - SUBJECT ADDED ENTRY--GEOGRAPHIC NAME | |
| Geographic name | ENGLAND AND WALES |
| 690 ## - LOCAL SUBJECT ADDED ENTRY--TOPICAL TERM (OCLC, RLIN) | |
| Topical term or geographic name as entry element | Sustainability |
| 9 (RLIN) | 6271 |
| 700 1# - ADDED ENTRY--PERSONAL NAME | |
| Personal name | Yates, A. |
| 700 1# - ADDED ENTRY--PERSONAL NAME | |
| Personal name | Wyatt, M. |
| 942 ## - ADDED ENTRY ELEMENTS (KOHA) | |
| Suppress in OPAC | 0 |
| Withdrawn status | Lost status | Source of classification or shelving scheme | Damaged status | Not for loan | Home library | Current library | Shelving location | Date acquired | Total Checkouts | Full call number | Barcode | Date last seen | Copy number | Price effective from | Koha item type |
|---|---|---|---|---|---|---|---|---|---|---|---|---|---|---|---|
| Dewey Decimal Classification | London | London | BRE publications | 30/08/2017 | ENQUIRY DESK | 159546-1001 | 06/08/2019 | 1 | 06/08/2019 | Reference material |